| 000 | 00728nam a2200181Ia 4500 | ||
|---|---|---|---|
| 999 |
_c2639 _d2639 |
||
| 003 | DO-SdBJH | ||
| 005 | 20180416153849.0 | ||
| 008 | 180414s9999 dr 000 0 spa d | ||
| 040 |
_aDO-SdBJH _bspa _cDO-SdBJH |
||
| 090 | _aDM FM 3-06.11 2002 | ||
| 110 | _aInstituto de Cooperación para la Seguridad Hemisférica | ||
| 245 | 1 | 0 | _aFM 3-06.11 Operaciones de armas combinadas en terreno urbano / Instituto de Cooperación para la Seguridad Hemisférica |
| 260 | _aFuerte Benning, Georgia : Cuartel General Secretaría del Ejército, 2002 | ||
| 300 | _a334 páginas en varias paginaciones | ||
| 504 | _aIncluye ilistraciones y glosario de términos | ||
| 650 | 4 | _aOperaciones combinadas -- Terrenos urbanos | |
| 942 |
_2ddc _cBK |
||